Open Data Biblioteca Nacional de Portugal


República Portuguesa: Ministério da Cultura
Biblioteca Nacional de Portugal

Catálogo da BNP: acesso por Identificadores Unívocos
Registos Bibliográficos associados ao registo de autoridade

Etiqueta de registo: 00254nam 2200025 450
001 2288561
003 http://id.bnportugal.gov.pt/bib/catbnp/2288561
100 ## $a20260623d2022 k y0pory01030103ba
101 0# $apor$deng
102 ## $aPT
105 ## $aa m 000yy
106 ## $ar
200 1# $aPadrão ativo$e um fundamento compositivo da pintura numa perspectiva contemporânea$fMarcelo Duprat Pereira$gorient. Ilídio Óscar Pereira de Sousa Salteiro, Cláudia Matos Pereira
210 #9 $aLisboa$c[s.n.],$d2022
215 ## $a[7], 217 f.$cil.$d30 cm
328 #1 $aTese dout. Belas-Artes (Pintura), Faculdade de Belas-Artes, Universidade de Lisboa, 2022
700 #1 $aPereira,$bMarcelo Duprat$32001342
702 #1 $aSalteiro,$bIlídio,$f1953-$4727$3108319
702 #1 $aPereira,$bCláudia Matos$4727$31662336
801 #0 $aPT$bBN$gRPC
966 ## $lBN$mFGMON$x1
971 ## $cssilva$d20260623

OpendataBNP@bnportugal.pt | Mais informação sobre acesso aos dados BNP